000 04603nam a22004817a 4500
005 20090514141325.0
008 090514t xxu||||| |||| 00| j hin d
010 _aHIN-86483
020 _a9788183612678
_c275.00
035 _aHN-58829
035 _aB-349794-808
037 _bDBAD / PUB
037 _bराधाकृष्ण प्रकाशन
040 _adpl
_bhn
082 _a
100 _aअनन्तमूर्ति, यू.आर.
_913694
245 _aघटश्राद्ध /
_cयू.आर. अनन्तमूर्ति ; बी.आर.नारायण द्वारा कन्नड़ से अनुदित
246 _aGhatshraadh
_bby U.R.Ananthmurthy; translated by B.R. Narayan
260 _aनई दिल्ली
_bराधाकृष्ण प्रकाशन
_c2009
270 _a7/31, अंसारी रोड़, दरियागंज
_bनई दिल्ली
_e110002
_minfo@radhakrishanprakashan.com
300 _a188 पृ.
_c22सेमी (सजिल्द)
650 _aलघु कथाएँ, हिन्दी
_91169
650 _aShort stories, Hindi
_913695
700 _aनारायण, बी.आर.
_913696
942 _2ddc
_cHN
_h
_mअनन्त
999 _c26370
_d26370